00885nam a2200265Ia 450000500170000000800410001702000180005808200190007610000300009524501060012525000220023126400300025330000260028333600270030933700330033633800280036949000110039750000210040865000360042965000400046565000320050570000210053770000260055804000350058420220317001324.0161108s2007 sp g 000 0 spa  a978844932004004aR 200.3bE43d11 aEliade, Mircead1907-198610aDiccionario de las religionescMircea Eliade, Ioan P. Couliano ; traducción de Isidro Arias Pérez aPrimera edición 1aBarcelonabPaidósc2007 a366 páginasc21 cm. atextobtxt2rdacontent asin mediaciónbn2rdamedia avolumenbnc2rdacarrier aSurcos aIncluye índice142LEMBaReligión vDiccionarios142LEMBaCivilización vDiccionarios142LEMBaDioses vDiccionarios1 aCouliano, Ioan P1 aArias Pérez, Isidro aCO-BoRNBPbspaerdacCO-BoRNBP